| 000 | nam a22 a 4500 | ||
|---|---|---|---|
| 999 |
_c444359 _d444359 |
||
| 003 | BLK | ||
| 005 | 20220209152836.0 | ||
| 008 | 220209b bu |||||r|||| 00| | bu d | ||
| 040 | _aBLK | ||
| 041 |
_aTUR _cTUR |
||
| 080 |
_aХигиена. Лично здраве. Вж и 614 ; 616-083 _b613 _z613 |
||
| 100 |
_91299 _aStefanov, Zorz _eпърви автор |
||
| 139 | _aStefanov, Zorz | ||
| 245 |
_aSihhatimizi nasil koruyalim _cJ. Stefanof ; вulg. cev. Ana Kisyova |
||
| 260 |
_9216641 _aSofia _bNar. prosv. _c1957 |
||
| 300 |
_a22 с. _c18 см |
||
| 380 | _a61 | ||
| 490 |
_9205965 _aМедицина |
||
| 650 | 7 |
_9176430 _aХигиена |
|
| 653 | 7 |
_9190032 _aлична хигиена |
|
| 700 |
_947 _aKisjova, Ana _ebulg. cev. |
||
| 852 |
_aЦб I 1732 _bО |
||
| 942 |
_cKNG _n0 _s1 |
||
| 944 |
_aCR _c2022-02-09 _kХристина Везирева |
||